000 00462nam a22001457a 4500
020 _a0246 10847 9
082 _a941.082 092 4 BRO
100 _aThe Autobiography of Fenner Brockway Towards Tomorrow
245 _aThe Autobiography of Fenner Brockway Towards Tomorrow
260 _aLondon
_bHart-Davis, MacGibbon
_c1977
300 _a280Pg
_bill, 24cm
500 _aInclude Index
650 _aThe Autobiography of Fenner Brockway Towards Tomorrow
942 _cBK
999 _c18357
_d18357